Nānāguve gījaganahakki. (Record no. 73704)

MARC details
000 -LEADER
fixed length control field 00621cam a22002411 4500
001 - CONTROL NUMBER
control field sa 67003212
003 - CONTROL NUMBER IDENTIFIER
control field DLC
005 - DATE AND TIME OF LATEST TRANSACTION
control field 20260227112336.0
008 - FIXED-LENGTH DATA ELEMENTS--GENERAL INFORMATION
fixed length control field 940523s1965 ii a 000 1 kano
010 ## - LIBRARY OF CONGRESS CONTROL NUMBER
LC control number sa 67003212
025 ## - OVERSEAS ACQUISITION NUMBER
Overseas acquisition number PL480:I-Kan-774
035 ## - SYSTEM CONTROL NUMBER
System control number (OCoLC)30484090
040 ## - CATALOGING SOURCE
Original cataloging agency DLC
Transcribing agency CU
Modifying agency CU
-- DLC
042 ## - AUTHENTICATION CODE
Authentication code premarc
050 00 - LIBRARY OF CONGRESS CALL NUMBER
Classification number PL4659.N228
Item number N3
100 1# - MAIN ENTRY--PERSONAL NAME
Personal name Nāgēgauḍa, H. L.
245 10 - TITLE STATEMENT
Title Nānāguve gījaganahakki.
260 ## - PUBLICATION, DISTRIBUTION, ETC.
Date of publication, distribution, etc. [1965]
300 ## - PHYSICAL DESCRIPTION
Extent 86 p.
Other physical details col. ill.
Dimensions 18 cm.
500 ## - GENERAL NOTE
General note In Kannada.
700 1# - ADDED ENTRY--PERSONAL NAME
Personal name Naidu, Sarojini,
Dates associated with a name 1879-1949.
700 1# - ADDED ENTRY--PERSONAL NAME
Personal name Elwin, Verrier,
Dates associated with a name 1902-1964.

No items available.

Powered by Koha